अंग्रेजी-हिंदी अनुवाद व्याकरण / (Record no. 62018)

MARC details
000 -LEADER
fixed length control field 00687nam a22001457a 4500
020 ## - INTERNATIONAL STANDARD BOOK NUMBER
International Standard Book Number 8173154449
Terms of availability 300.00
100 ## - MAIN ENTRY--PERSONAL NAME
Personal name सूरजभान सिंह
245 ## - TITLE STATEMENT
Title अंग्रेजी-हिंदी अनुवाद व्याकरण /
Statement of responsibility, etc सूरजभान सिंह
260 ## - PUBLICATION, DISTRIBUTION, ETC. (IMPRINT)
Place of publication, distribution, etc नई दिल्ली
Name of publisher, distributor, etc प्रभात प्रकाशन
Date of publication, distribution, etc 2010
270 ## - ADDRESS
Address 4/19 आसफ अली रोड
City नई दिल्ली
Postal code 110002
300 ## - PHYSICAL DESCRIPTION
Extent 310पृ
Dimensions 22सेमी (सजिल्द)
700 ## - ADDED ENTRY--PERSONAL NAME
9 (RLIN) 40884
942 ## - ADDED ENTRY ELEMENTS (KOHA)
Source of classification or shelving scheme Dewey Decimal Classification
Item type Hindi Books
Call number suffix सुरज
Holdings
Withdrawn status Lost status Not for loan Home library Current library Date acquired Cost, normal purchase price Full call number Cost, replacement price Koha item type
    Ordered Andrews Gunj Andrews Gunj 06/02/2012 300.00 सुरज 300.00 Hindi Books

© Delhi Public Library
Hit Counter
free hit counter